Statistics for Balkan wars

Click here to take the quiz!

General Stats

  • This quiz has been taken 82 times
  • The average score is 5 of 6

Answer Stats

HintAnswer% Correct
Bulgaria declared war on ........ and then the 2nd Balkan war begunSerbia
96%
A few km away from Thessalokini when an other country took itBulgaria
92%
Took ThessalonikiGreece
92%
Rule the Balkans for decades, and decades, and decadesOttoman Empire
87%
First to declare war on the
Ottoman Empire
Montenegro
86%
Last to declare war on BulgariaRomania
86%

Score Distribution

Percentile by Number Answered

Percent of People with Each Score

Your Score History

You have not taken this quiz